The colours of earth; (Record no. 145005)

MARC details
000 -LEADER
fixed length control field 00825nam a22002297a 4500
005 - DATE AND TIME OF LATEST TRANSACTION
control field 20180907140154.0
010 ## - LCCN (DPL NO)
LC control number 1718EN-30 ENG-124126
020 ## - INTERNATIONAL STANDARD BOOK NUMBER
International Standard Book Number 9788182749252
Terms of availability 2450.00
035 ## - SYSTEM CONTROL NUMBER
System control number EN-107658
037 ## - SOURCE OF ACQUISITION
Source of stock number/acquisition Pragati
Stock number dpl
037 ## - SOURCE OF ACQUISITION
Source of stock number/acquisition DBAD/PUB.
082 ## - DEWEY DECIMAL CLASSIFICATION NUMBER
Classification number 759.954
100 ## - MAIN ENTRY--PERSONAL NAME
Personal name Handa, O.C.
245 ## - TITLE STATEMENT
Title The colours of earth;
Statement of responsibility, etc by O.C.Handa
Remainder of title a study of Indian folk painting /
260 ## - PUBLICATION, DISTRIBUTION, ETC. (IMPRINT)
Place of publication, distribution, etc New Delhi
Name of publisher, distributor, etc Pentagon Press
Date of publication, distribution, etc 2017
270 ## - ADDRESS
Address 206, Peacock Lane, Shahpur Jat
City New Delhi
Postal code 110049
300 v# - PHYSICAL DESCRIPTION
Extent xx,304p.
Dimensions 23cm(Hb)
Other physical details ill.(col.pic)
500 ## - GENERAL NOTE
General note It includes index
700 ## - ADDED ENTRY--PERSONAL NAME
Personal name
942 ## - ADDED ENTRY ELEMENTS (KOHA)
Source of classification or shelving scheme Dewey Decimal Classification
Item type English Books
Call number suffix HAN
Classification part 759.954
Holdings
Withdrawn status Lost status Not for loan Collection code Home library Current library Date acquired Source of acquisition Cost, normal purchase price Full call number Barcode Copy number Cost, replacement price Koha item type
      Non-fiction Ashok Vihar Ashok Vihar 18/05/2018 Pragati/142/27.11.2017/672/20.11.2017/28.11.2017 2450.00 759 HAN B-682248 1 2450.00 English Books
    Not For Loan Non-fiction D.B.Act.Division Bawana 07/09/2018 DBAD/PUB 2450.00 759.954 HAN EN-107658 1 2450.00 English Books
      Non-fiction Central Jail Tihar Central Jail Tihar 18/05/2018 Pragati/142/27.11.2017/672/20.11.2017/28.11.2017 2450.00 759 HAN B-682247 1 2450.00 English Books
      Non-fiction Janak Puri Janak Puri 18/05/2018 Pragati/142/27.11.2017/672/20.11.2017/28.11.2017 2450.00 759 HAN B-682250 1 2450.00 English Books
      Non-fiction Patel Nagar Patel Nagar 18/05/2018 Pragati/142/27.11.2017/672/20.11.2017/28.11.2017 2450.00 759 HAN B-682249 1 2450.00 English Books

© Delhi Public Library
Hit Counter
free hit counter